000 00671nam a2200217Ii 4500
003 JO-AjNU
008 230605s9999||||xx |||||||||||||| ||und||
020 _a1-23959-402-7/1-23959-403-5
040 _aJO-AjNU
_bara
_erda
_cJO-AjNU
041 _aara
050 1 4 _aBP145.Z8396 2007
100 3 _aالزحيلي، وهبة,
_eauthor
_956557
245 0 0 _aأصول الفقه الإسلامي، ج1
250 _aط15
264 3 1 _aدمشق: دار الفكر، 2007
300 _aج1، 680ص
336 _atext
_btxt
_2rdacontent
337 _aunmediated
_bn
_2rdamedia
338 _avolume
_bnc
_2rdacarrier
650 4 _aالفقه الاسلامي- اصول
_956558
999 _aA25291
_c28859
_d28859